000 00551nam a2200217 a 4500
001 nice12345678
003 IN_TiNIC
005 20260116013045.0
008 050524s1984 newa grp 000 0 eng
020 _a0231762
_c536.55
082 0 0 _a955.054
_bBEN
100 _aBenard, Cheryl
245 _aGovernment of God
_b Iran`s Islamic Republic
260 _aNew York
_bColumbia University Press
_c1984
300 _a240p
500 _aincludes index and biblioraphy
505 2 _aIndex
902 _bSRS
942 _cBK
999 _c9467
_d9467